000 00406nam a2200169Ia 4500
008 210210b1964 xxu||||| |||| 00| 0 eng d
041 _aeng
082 _a828/192
100 _aDIWAKAR (R R)
245 _aParamahansa sri Ramakrishna
260 _aBombay
_bBharatiya Vidhya Bhavan
_c1964
650 _asri
650 _aRamakrishna
650 _aParamahansa
690 _aBiography
906 _a016038
999 _c135428
_d135428